000 00446nam a2200181Ia 4500
001 22496
005 20260414150835.0
008 260414t2000||||xx |||||||||||||| ||spa||
041 _aESP
082 _a621.382
_bA75-I
100 _aArnau Vives, Antonio
_eAUT
245 0 _aSistemas electónicos de comunicaciones I
_b
260 _c2000
300 _a396 páginas :
_c24 cm.
650 _aTCA
654 _aCET
942 _cLIB
_dJUS
_fJUS
_2ddc
_n
999 _c22496
_d22496